Inventory management and production planning and scheduling /

Guardado en:
Autor Principal: Silver, Edward A. 1937-
Otros Autores: Pyke, D. F., Peterson, Rein, 1937-
Formato: Libro
Idioma:English
Publicado: New York : Wiley, c1998.
Edición:3rd ed.
Materias:
Acceso en línea:Descripción
Tabla de contenido
Etiquetas: Agregar Etiqueta
Sin Etiquetas, Sea el primero en etiquetar este registro!
LEADER 01406cam a22003135a 4500
001 EIQ.libpla001426
008 971118s1998####nyua#####b####001#0#eng#d
005 20061005180927.0
245 1 0 |a Inventory management and production planning and scheduling /  |c Edward A. Silver, David F. Pyke, Rein Peterson. 
250 |a 3rd ed. 
260 |a New York :  |b Wiley,  |c c1998. 
300 |a xxii, 754 p. :  |b il. ;  |c 24 cm. 
500 |a Rev. de la edición: Decision systems for inventory management and production planning. c1985. 
504 |a Incluye referencias bibliográficas e índices. 
020 |a 0471119474 (cloth : alk. paper) 
100 1 |a Silver, Edward A.  |q (Edward Allen),  |d 1937- 
700 1 |a Silver, Edward A.  |q (Edward Allen),  |d 1937-  |t Decision systems for inventory management and production and planning. 
700 1 |a Pyke, D. F.  |q (David F.) 
700 1 |a Peterson, Rein,  |d 1937- 
082 0 0 |a 658.7/87  |2 21 
650 4 |a Control de inventario  |x Importancia. 
650 4 |a Planeamiento de producción  |x Importancia. 
650 4 |a Inventory control  |x Importance. 
650 4 |a Production planning  |x Importance. 
010 |a  97048609  
040 |a DLC  |c DLC  |d AR-BbSID 
856 4 2 |3 Descripción  |u http://www.loc.gov/catdir/description/wiley031/97048609.html 
856 4 |3 Tabla de contenido  |u http://www.loc.gov/catdir/toc/onix02/97048609.html 
859 |a AR-BbSID  |b BIB. PLAPIQUI  |h 658.787  |i Si 39  |p 5872